| 000 | 00547nam a2200217 a 4500 | ||
|---|---|---|---|
| 005 | 20210219153241.0 | ||
| 008 | 991125n 000 0 eng u | ||
| 035 | _aUPN01000085835 | ||
| 100 | 1 | _aUlin, Richard O | |
| 222 | _aEDUCATIONAL FORUM | ||
| 245 | _aLingüistics : ¿mission impossible? | ||
| 260 | _aIndiana, EUA | ||
| 300 | _a329-335 | ||
| 362 | 0 | _a1969 Vol. 33, no. 3, mar. | |
| 653 | 0 | _aESCRITURA | |
| 653 | 0 | _aGRAMATICA | |
| 653 | 0 | _aINGLES (LENGUA) | |
| 653 | 0 | _aLINGÜISTICA | |
| 904 |
_aAC _b023646 |
||
| 905 | _aArticulo | ||
| 999 |
_c72080 _d72080 |
||